000 01027nam a2200301 i 4500
001 bg
003 BPK
005 20220905104203.0
008 970620s1994 pl a f f |000 0 pol
015 _aPB 1995/12690
020 _a8386453095
040 _aWA N
_cBPK
080 _a624.014
080 _a624.07
080 _a(075.8)
100 1 _aBródka, Jan
_d(1929- )
_eAutor
245 1 0 _aPodstawy konstrukcji metalowych.
_nT. 2 /
_cJan Bródka, Jerzy Juchniewicz.
260 _aŁódź :
_b[Wydaw. Politechniki Łódzkiej],
_c1994.
300 _a319 s. :
_brys., wykr. ;
_c21 cm.
504 _aBibliogr. s. 315-319.
521 _aSkrypt dla studentów budownictwa wyższych uczelni.
655 4 _aPodręczniki akademickie
650 4 _aKonstrukcje metalowe
710 2 _aPolitechnika Łódzka
_bWydawnictwo.
_4pbl.
700 1 _aJuchniewicz, Jerzy
_eAutor
856 _uhttp://koha.tu.koszalin.pl/cgi-bin/koha/opac-detail.pl?biblionumber=6888
_yKatalog online BPK
942 _2UKD
_cKS
999 _c6888
_d6888